FC Schalke 04 Squad 2015-2016 - Statistics

General Stats
  • This quiz has been taken 22 times
  • The average score is 17 of 30
Answer Stats
# Position Nation Player % Correct
1 GK Germany Ralf Fährmann
100%
4 DF Germany Benedikt Höwedes
90%
9 FW Argentina Franco Di Santo
90%
7 MF Germany Max Meyer
90%
22 DF Japan Atsuto Uchida
85%
25 FW Netherlands Klaas-Jan Huntelaar
85%
13 FW Cameroon Eric Maxim Choupo-Moting
80%
32 DF Cameroon Joel Matip
80%
8 MF Germany Leon Goretzka
80%
31 DF Serbia Matija Nastasić
75%
6 DF Bosnia and Herzegovina Sead Kolašinac
75%
19 FW Germany Leroy Sané
70%
21 MF Austria Alessandro Schöpf
65%
3 DF Brazil Júnior Caiçara
60%
23 MF Denmark Pierre-Emile Højbjerg
55%
- Coach Germany André Breitenreiter
50%
35 GK Germany Alexander Nübel
45%
5 MF Germany Johannes Geis
45%
12 MF Germany Marco Höger
45%
33 DF Germany Roman Neustädter
45%
11 MF Morocco Younès Belhanda
45%
15 DF Germany Dennis Aogo
40%
24 DF Turkey Kaan Ayhan
40%
34 GK Germany Fabian Giefer
30%
18 FW Germany Sidney Sam
30%
30 GK Austria Michael Gspurning
25%
27 DF Germany Sascha Riether
25%
20 MF Germany Thilo Kehrer
25%
36 FW Germany Felix Platte
20%
2 DF Germany Marvin Friedrich
20%
No matching quizzes found
Score Distribution
Percent of People with Each Score
Percentile by Number Answered
Your Score History
You have not taken this quiz